000 00656cam a2200205 a 4500
001 000009380
005 20200929161555.0
008 771222s1998 sp 000 f spa d
020 _a8440719914
040 _aDO-SdBNP
_bspa
_cBNPHU
082 _aPa863.44
_bR628t
100 1 _aRoa Bastos, Augusto,
_d1917-2005
_915047
245 1 3 _aEl trueno entre las hojas /
_cAugusto Roa Bastos.
260 _aMadrid :
_bClub Internacional del Libro,
_c[1998].
300 _a286 p. ;
_c22 cm.
586 _aPremio Cervantes, 1989.
650 4 _aCuentos paraguayos
_924160
650 4 _aLiteratura paraguaya
_ySIGLO XX
_924161
910 _aValidado. Control de calidad MFF
999 _c9140
_d9140